| 000 | 00000nam##2200000za#4500 |
| 001 | 9.587738 |
| 003 | CaOODSP |
| 005 | 20210624194759 |
| 007 | cr ||||||||||| |
| 008 | 150406|2007||||xxc|||||o f|0| 0 fre|d |
| 022 | |a1701-1280 |
| 040 | |aCaOODSP|bfre |
| 041 | |aeng |
| 041 | |afre |
| 043 | |an-cn--- |
| 086 | 1 |aFs70-4/2007-055-PDF |
| 110 | 1 |aCanada. |bMinistère des pêches et des océans. |
| 245 | 10|aÉvaluation du potentiel de rétablissement en vertu de la LEP de la baleine à bec commune (population du Plateau néo-écossais), de la baleine noire de l'Atlantique Nord, de l'otarie à fourrure du Nord et de la loutre de mer, espèces désignées comme étant « en péril » par le COSEPAC : |h[ressource électronique]|bdu 19 au 23 février 2007, Hôtel Fairmont Queen Elizabeth, Montréal, Québec / |c[par] Patrice Simon. |
| 260 | |aOttawa - Ontario : |bPêches et Océans Canada |cAoût 2008. |
| 300 | |a64p. |
| 490 | 1 |aSecrétariat canadien de consultation scientifique, série des comptes rendus|x1701-1280|v2007/055 |
| 590 | |a11-32-Supp|b2011-12-20 |
| 720 | 1 |aSimon, Patrice |
| 791 | |tRecovery potential assessment under SARA for northern bottlenose whale (Scotian Shelf population), north Atlantic right whale, northern fur seal, and sea otter, identified as "At Risk" by COSEWIC : |eeng|w(CaOODSP)9.587737 |
| 830 | #0|aCompte rendu (Secrétariat canadien de consultation scientifique)|x1701-1280|v2007/055|w(CaOODSP)9.500508 |
| 856 | 40|ahttp://publications.gc.ca|qPDF|s432 Ko|uhttps://publications.gc.ca/collections/collection_2011/mpo-dfo/Fs70-4-2007-055.pdf|y2007/055 |